| 000 | 00797nam a2200241 i 4500 | ||
|---|---|---|---|
| 001 | 185598 | ||
| 003 | SpMaBN | ||
| 005 | 20230906222456.0 | ||
| 008 | 160721s1996 sp |||| | spa d | ||
| 020 | _a84-204-2859-0 | ||
| 080 | _a821.111(73)-4"19" | ||
| 100 | 1 |
_aSontag, Susan. _9107309 |
|
| 245 | 1 | 0 |
_aContra la interpretación / _cSusan Sontag ; traducción de Horacio Vázquez Rial. |
| 260 |
_aMadrid : _bAlfaguara, _c[1996] |
||
| 300 |
_a390 p. ; _c22 cm. |
||
| 490 | 1 | _aTextos de escritor | |
| 650 | 4 |
_aCrítica literaria- _yS.XX. _911452 |
|
| 650 | 4 |
_aLiteratura- _yS.XX- _xHistoria y crítica. _9139829 |
|
| 700 | 1 |
_aVázquez Rial, Horacio. _9113477 |
|
| 830 | 0 |
_aTextos de escritor _9180002 |
|
| 852 |
_aES-MaACL _jL-30472 _z. - Donat. Miguel A. Velasco |
||
| 999 |
_c185598 _d185598 |
||